| 000 | 00713nam a22001337a 4500 | ||
|---|---|---|---|
| 040 | _cRUA | ||
| 082 | _aFOR RIN 2010 B139 Or.1 | ||
| 100 | _aRIN, CHENDA. | ||
| 245 | _aThe study on non-timber forest products processing of community people at thalaborevat district steung treng province, សិក្សាពីការកែច្នៃអនុផលព្រៃឈើរបស់ប្រជាសហគមន៍ក្នុងស្រុកថាឡាបរិវ៉ាត់ ខេត្តស្ទឹងត្រែង | ||
| 260 |
_aPhnom Penh _bRUA _c2010 |
||
| 300 |
_axi; 49p. _bill. _c29cm. |
||
| 856 | _uhttps://drive.google.com/file/d/1MeltMOwlHy1cWtnNpAd0gkXMQfQHqtgp/view?usp=sharing | ||
| 942 | _cFOR | ||
| 999 |
_c3393 _d3393 |
||